00936nam a2200241Ia 450000100060000000300090000600800410001504000130005604000130006904100130008210000130009510000290010824500260013724500550016325000110021826000100022926000120023926000490025130000590030050002630035965000410062265000310066394224IT-RoPAU130308s9999 xx 000 0 und d aIT-RoPAU cIT-RoPAU aSPAGNOLO aRoot Gus gCodice Aut. SPICS: 32990 aModelado y simulacion bEnfoques Sobre la planificacion de la Comunicacion a1a ed. aQUITO bCiespal c1981 [1° Ed.:1981 - Ed.Ling.Originale:1976] a"46 p. (prefazione: no ; testo: 46 [pagine: 119-164])" aModellamento e simulazione mutamenti dei sistemi Sociali Metodo Delphi Composizione Dello scenario Modelli Strutturali Modelli di matrice D'Impatto Incrociato Modelli di circuito causale manipolazione dei Modelli Strutturalimodelli Dinamici Simulazioni Umane aPOLITICA DELLA COMUNICAZIONE SOCIALE eCodice materia Spics: 3803